00893cam a2200277 a 450000100090000000300060000900500170001500800410003201000150007302000220008802000250011003500200013504000250015504200140018005000180019408200180021210000220023024500850025226000610033730000360039850400520043463000230048663000300050965000560053970000200059562090913OCoLC20250306040738.0050425s2004 tnua b 001 0 eng d a2005273964 a0805431934 (pbk.) a9780805431933 (pbk.) a(OCoLC)62090913 aBCTcBCTdDLCdBAKER alccopycat a220.15bP892T a220.15bP892T1 aPoythress, Vern S14aThe TNIV and gender-neutral Bible controversy /cVern Poythress, Wayne A. Grudem aNashville, Tenn. :bBroadman & Holman Publishers,cc2004 axxxiii, 494 p. :bill. ;c23 cm aIncludes bibliographical references and indexes00aBiblexTranslating00aBible.lEnglishxVersions 0aNonsexist languagexReligious aspectsxChristianity1 aGrudem, Wayne A